Great Violists - Statistics

General Stats
  • This quiz has been taken 5 times
  • The average score is 6 of 10
Answer Stats
Answer % Correct
Nobuko Imai
100%
Pinchas Zukerman
100%
Yuri Bashmet
100%
Kim Kashkashian
50%
Lawrence Power
50%
Tabea Zimmermann
50%
Timothy Ridout
50%
William Primrose
50%
Lionel Tertis
0%
Paul Hindemith
0%
No matching quizzes found
Score Distribution
Percent of People with Each Score
Percentile by Number Answered
Your Score History
You have not taken this quiz